000 00436nam a2200169Ia 4500
008 230524s9999 xx 000 0 und d
020 _a9780071072496
082 _a621.382
_bRIZ
100 _aGiorgio Rizzoni
245 0 _a"Principles and Applications of Electrical Engineering,"
250 _a5TH
260 _aNEW DELHI
_bTMH
_c2011
300 _aXV;694
500 _aQuantity Number: 210
650 _aElectrical
942 _cBK
999 _c48094
_d48094